000
00438nam a2200157Ia 4500
008
100122s9999 xx 000 0 und d
082
_b
46183
_a
294.5923
100
_a
सप्रे मधुवंती
245
_a
द्रोपदी
250
_a
1
260
_b
शब्दरत्न प्रकाशन
_c
1991
300
_a
118
630
_a
द्रोपदी
730
_a
द्रोपदी
942
_c
BOOK
999
_c
425427
_d
425424